00343nam a2200109Ia 4500008004100000020002200041041001200063100004900075245005600124260003200180650002100212231221s9999 xx 000 0 und d a978-0-85729-296-4 aEnglish aAnanda S. Chowdhury, Suchendra M. Bhandarkar 0aComputer Vision-Guided Virtual Craniofacial Surgery c2011bSpringer USaNew York aComputer Science